=LDR 00000nam 2200000 4500 =001 INLIS000000000032532 =005 20130612134533 =008 ***********************************ind** =035 ##$$a0010-061300000032532 =041 ##$$a ind =082 ##$$a 92 (Khomeini) =090 ##$$a 92 (Khomeini), Fau k =100 ##$$a Fauziana, Diah Rahma =245 ##$$a Khomeini dan Revolusi Iran, Diyah Rahma Fauzia, Izzudin Irsan Mujib =260 ##$$a 2009 $b Yogyakarta =300 ##$$a x,110 hlm., Ilus, 23 cm =650 ##$$a Khomeini -Biografi =700 ##$$a Mujib, Izzudin Irsan =850 ##$$a NBPNMAT =990 ##$$a 0001/BPAP-NTB/20142014 =990 ##$$a 21002346